[Event "Poti Aleksandria Cup-B 8th"]
[Site "Poti"]
[Date "2013.07.16"]
[Round "4"]
[White "Keleptrishvili, Irakli"]
[Black "Mujirishvili, Giorgi"]
[Result "1-0"]
[WhiteElo "1913"]
[BlackElo "1699"]
[PlyCount "115"]
[EventDate "2013.07.13"]
[EventType "swiss"]
[EventRounds "9"]
[EventCountry "GEO"]
[SourceTitle "EXT 2014"]
[Source "ChessBase"]
[SourceDate "2013.11.20"]
[SourceVersion "1"]
[SourceVersionDate "2013.11.20"]
[SourceQuality "1"]

1. e4 e5 2. Nf3 Nc6 3. Bb5 a6 4. Ba4 d6 5. c3 Nf6 6. d3 Bd7 7. 0-0 Be7 8. Re1 0-0 9. d4 b5 10. Bb3 Bg4 11. Bd5 Nxd5 12. exd5 Na5 13. dxe5 dxe5 14. Rxe5 Nc4 15. Re1 Bd6 16. Nbd2 Ne5 17. h3 Bh5 18. g4 Nxf3+ 19. Nxf3 Bg6 20. Qd4 Re8 21. Bd2 Qd7 22. Kg2 c5 23. dxc6 Qxc6 24. Bf4 Bc5 25. Rxe8+ Rxe8 26. Qd1 Be4 27. Kg3 h5 28. gxh5 Qb6 29. Nd4 Rd8 30. Qe2 Bxd4 31. Qxe4 Bxf2+ 32. Kg2 Bh4 33. Be3 Qf6 34. Rf1 Qe7 35. Qxe7 Bxe7 36. Bd4 Rd5 37. Re1 Bd6 38. Re8+ Kh7 39. Ra8 b4 40. Rxa6 bxc3 41. Bxc3 Bf4 42. Ra7 Kg8 43. Ra5 Rd3 44. Rf5 Bh6 45. a4 Kf8 46. a5 Rd8 47. Bb4+ Ke8 48. Re5+ Kd7 49. Rd5+ Kc8 50. Rxd8+ Kxd8 51. Bc5 Kc7 52. Kf3 Kb7 53. Be3 Bxe3 54. Kxe3 Ka6 55. b4 Kb5 56. Kf4 Ka6 57. Kf5 Kb5 58. h6 1-0